Conditional speech acts in English and Vietnamese

Introduction; Literature review and theoretical background; Methods and procedures...

Sparad:
Bibliografiska uppgifter
Huvudupphovsman: Trần Thị Ngọc Dư
Övriga upphovsmän: Ngũ, Thiện Hùng, Ph.D. (Supervisor.)
Materialtyp: Okänd
Språk:English
Publicerad: Đà Nẵng : The University of Da Nang, 2012.
Ämnen:
Taggar: Lägg till en tagg
Inga taggar, Lägg till första taggen!
Thư viện lưu trữ: Mạng thư viện Đại học Đà Nẵng
LEADER 02644na a2200373 4500
001 000030769
003 4486
005 20230614093007.0
008 151001s2012 000 eng
040 |a LNN 
041 |a ENG 
082 |a 420.3  |b TR-D 
100 |a Trần Thị Ngọc Dư 
245 1 0 |a Conditional speech acts in English and Vietnamese  |h [Thesis-Luận văn thạc sĩ] /  |c Tran Thi Ngoc Du ; Ngũ Thiện Hùng hướng dẫn. 
260 |a Đà Nẵng :  |b The University of Da Nang,  |c 2012. 
300 |a 86 p. ;  |c 29 cm. +  |e 1 Abstract. 
500 |a Master thesis in the English language. Field: The English language. Code: 60.22.15. 
520 3 |a Introduction; Literature review and theoretical background; Methods and procedures... 
630 0 4 |a English language. 
650 0 4 |a English language  |x Conditional speech. 
700 1 |a Ngũ, Thiện Hùng,  |c Ph.D.,  |e Supervisor. 
OWN |a LNN 
AVA |a UDN50  |b LNN  |c English  |d 420.3 TR-D  |e available  |t Error 5001 Not defined in file expand_doc_bib_avail.  |f 1  |g 0  |h N  |i 0  |j AN  |k 1 
Z40 3 |y Conditional speech acts in English and Vietnamese  |l Library of UFL  |t VIEW  |x http://catalog.udn.vn:80/F?func=service&doc_library=UDN01&local_base=UDN01&doc_number=000030769&sequence=000001&line_number=0001&func_code=DB_RECORDS&service_type=MEDIA  |f Tomtatluanvan-Du_000025910.pdf  |e pdf  |s 000272343  |k 20230614  |m NTMTHI 
Z40 3 |y Conditional speech acts in English and Vietnamese  |l Library of UFL  |t VIEW  |x http://catalog.udn.vn:80/F?func=service&doc_library=UDN01&local_base=UDN01&doc_number=000030769&sequence=000002&line_number=0002&func_code=DB_RECORDS&service_type=MEDIA  |f LUANVAN3_000025912.pdf  |e pdf  |s 000673753  |k 20230614  |m NTMTHI 
999 |a From the UDN01 
AVA |a UDN50  |b LNN  |c English  |d 420.3 TR-D  |e available  |t Error 5001 Not defined in file expand_doc_bib_avail.  |f 1  |g 0  |h N  |i 0  |j AN  |k 1 
TYP |a Printed language 
856 |y Conditional speech acts in English and Vietnamese  |l Library of UFL  |t VIEW  |x http://catalog.udn.vn:80/F?func=service&doc_library=UDN01&local_base=UDN01&doc_number=000030769&sequence=000001&line_number=0001&func_code=DB_RECORDS&service_type=MEDIA  |f Tomtatluanvan-Du_000025910.pdf  |e pdf  |s 000272343  |k 20230614  |m NTMTHI 
856 |y Conditional speech acts in English and Vietnamese  |l Library of UFL  |t VIEW  |x http://catalog.udn.vn:80/F?func=service&doc_library=UDN01&local_base=UDN01&doc_number=000030769&sequence=000002&line_number=0002&func_code=DB_RECORDS&service_type=MEDIA  |f LUANVAN3_000025912.pdf  |e pdf  |s 000673753  |k 20230614  |m NTMTHI 
980 |a Mạng thư viện Đại học Đà Nẵng